Oldest Universities by Country - Statistics

General Stats
  • This quiz has been taken 73 times
  • The average score is 27 of 30
Answer Stats
University Year Founded Country % Correct
University of Bologna 1158 Italy
100%
University of Oxford 1167 United Kingdom
100%
University of Vienna 1365 Austria
98%
University of Dublin 1592 Ireland
98%
University of Salamanca 1218 Spain
98%
Harvard University 1636 United States
98%
Nanjing University 1888 China
97%
University of Copenhagen 1475 Denmark
97%
Sorbonne University 1257 France
97%
Heidelberg University 1385 Germany
97%
University of Tokyo 1877 Japan
97%
University of Sydney 1850 Australia
95%
University of Coimbra 1290 Portugal
95%
Saint Petersburg State University 1724 Russia
95%
Istanbul University 1453 Turkey
95%
University of Basel 1459 Switzerland
93%
Cairo University 1908 Egypt
92%
University of Helsinki 1640 Finland
92%
Uppsala University 1477 Sweden
92%
University of Lviv 1661 Ukraine
90%
University of Calcutta 1857 India
88%
Leiden University 1575 Netherlands
88%
Jagiellonian University 1397 Poland
87%
National University of Córdoba 1613 Argentina
85%
University of King's College 1789 Canada
80%
Eötvös Loránd University 1635 Hungary
78%
Charles University 1347 Czech Republic
77%
Saint Thomas Aquinas University 1580 Colombia
73%
National University of San Marcos 1551 Peru
68%
Pontifical and Royal University of Santo Tomas 1611 Philippines
40%
No matching quizzes found
Score Distribution
Percent of People with Each Score
Percentile by Number Answered
Your Score History
You have not taken this quiz